<?xml version="1.0" encoding="UTF-8"?><?xml-stylesheet type="text/xsl" href="static/style.xsl"?><OAI-PMH xmlns="http://www.openarchives.org/OAI/2.0/" xmlns:xsi="http://www.w3.org/2001/XMLSchema-instance" xsi:schemaLocation="http://www.openarchives.org/OAI/2.0/ http://www.openarchives.org/OAI/2.0/OAI-PMH.xsd"><responseDate>2026-04-27T20:24:04Z</responseDate><request verb="GetRecord" identifier="oai:uvadoc.uva.es:10324/9038" metadataPrefix="marc">https://uvadoc.uva.es/oai/request</request><GetRecord><record><header><identifier>oai:uvadoc.uva.es:10324/9038</identifier><datestamp>2021-06-30T07:35:56Z</datestamp><setSpec>com_10324_6426</setSpec><setSpec>com_10324_5186</setSpec><setSpec>com_10324_29291</setSpec><setSpec>col_10324_6428</setSpec></header><metadata><record xmlns="http://www.loc.gov/MARC21/slim" xmlns:doc="http://www.lyncode.com/xoai" xmlns:xsi="http://www.w3.org/2001/XMLSchema-instance" xmlns:dcterms="http://purl.org/dc/terms/" xsi:schemaLocation="http://www.loc.gov/MARC21/slim http://www.loc.gov/standards/marcxml/schema/MARC21slim.xsd">
<leader>00925njm 22002777a 4500</leader>
<datafield tag="042" ind1=" " ind2=" ">
<subfield code="a">dc</subfield>
</datafield>
<datafield tag="720" ind1=" " ind2=" ">
<subfield code="a">Jordano Barbudo, María Angeles</subfield>
<subfield code="e">author</subfield>
</datafield>
<datafield tag="260" ind1=" " ind2=" ">
<subfield code="c">2012</subfield>
</datafield>
<datafield tag="520" ind1=" " ind2=" ">
<subfield code="a">Concluido en 1951, su empaque y buena conservación imprimen al antiguo Silo de Córdoba un carácter singular como arquitectura industrial. La necesidad de almacenar grano fue el motivo de su construcción dentro de la política que se configuró con la creación de la Red Nacional de Silos y hoy, tras varias décadas sin funcionar, recobra en parte su razón de ser al servir como depósito del Museo Arqueológico de Córdoba.</subfield>
</datafield>
<datafield tag="520" ind1=" " ind2=" ">
<subfield code="a">Finished in 1951, this is a singular example of industrial architecture. Its uniqueness is compounded by its location and good condition. The Silo was built to store grain following the establishment of the National Network of Silos. After being used for its original purpose for many decades, today it has found a new function as a storage facility for the Archaeological Museum of Córdoba.</subfield>
</datafield>
<datafield tag="024" ind2=" " ind1="8">
<subfield code="a">BSAA Arte: Boletín del Seminario de Estudios de Arte, 2012, N.78, pags.261-278</subfield>
</datafield>
<datafield tag="024" ind2=" " ind1="8">
<subfield code="a">1888-9751</subfield>
</datafield>
<datafield tag="024" ind2=" " ind1="8">
<subfield code="a">http://uvadoc.uva.es/handle/10324/9038</subfield>
</datafield>
<datafield tag="024" ind2=" " ind1="8">
<subfield code="a">261</subfield>
</datafield>
<datafield tag="024" ind2=" " ind1="8">
<subfield code="a">78</subfield>
</datafield>
<datafield tag="024" ind2=" " ind1="8">
<subfield code="a">278</subfield>
</datafield>
<datafield tag="024" ind2=" " ind1="8">
<subfield code="a">BSAA Arte: Boletín del Seminario de Estudios de Arte</subfield>
</datafield>
<datafield ind1=" " ind2=" " tag="653">
<subfield code="a">Arte</subfield>
</datafield>
<datafield tag="245" ind1="0" ind2="0">
<subfield code="a">El silo de Córdoba: un ejemplo de arquitectura industrial</subfield>
</datafield>
</record></metadata></record></GetRecord></OAI-PMH>